000 00259nam a22000977a 4500
008 240909b |||||||| |||| 00| 0 eng d
020 _a9789359584393
100 _aOswaal
_97599
245 _aCBSE QUESTION BANK (ACCOUNTANCY)-12
260 _aNew Delhi
_bOswaal
_c2024
999 _c12666
_d12666